Normal view
MARC view
Entry Personal Name
001 - CONTROL NUMBER
- control field: 18532
003 - CONTROL NUMBER IDENTIFIER
- control field: dpl
005 - DATE AND TIME OF LATEST TRANSACTION
- control field: 20100906120741.0
008 - FIXED-LENGTH DATA ELEMENTS
- fixed length control field: 100906|||a|||||| | ||| d
040 ## - CATALOGING SOURCE
- Original cataloging agency: dpl
- Transcribing agency: dpl
100 ## - HEADING--PERSONAL NAME
- Personal name: लखोटिया, आर.एन
670 ## - SOURCE DATA FOUND
- Source citation: Work cat.: (dpl): लखोटिया, आर.एन , इनकम टैक्स बचाने के अचूक मंत्र /, 2010
670 ## - SOURCE DATA FOUND
- Source citation: Work cat.: (dpl): लखोटिया, आर.एन , इनकम टैक्स बचाने के अचूक मंत्र /, 2010
